Регионална библиотека "Любен Каравелов" - Русе

Прегръдката на Димитров (Запис номер 143486)

MARC детайли
000 -Лидер
Контролно поле с фиксирана дължина 01585nam a2200337 c 4500
003 - Код на организацията, давaща контролен номер
Контролно поле BLK
005 - Дата и час на последна редакция
Контролно поле 20250129005527.0
008 - Елементи от данни с фиксирана дължина
fixed length control field 180409b bul|||||r ||||||| ||bul||
010 ## - Наследен системен номер
LC control number KNG00149609000
040 ## - Източник на каталожния запис
Идентификатор на билиотеката - собственик на записа BLK
041 ## - Код за език
Код за езика на текст/звукозапис или на отделно заглавие Български
Код за езика КДБФ Български
080 ## - УДК
Текстов определител УДК Българска литература
УДК код - определител по УДК 821.163.2
УДК определител -93-1
УДК - код + определител 821.163.2-93-1
100 ## - Редна дума - Автор
Автор Струмски, Георги
Дати, свързани с автора 1932 - 2013
Автор - информация (биография) Писател, поет, преводач от руски език.
Пълна форма на името Йорданов, Георги Асенов
R(LIN) 375654
139 ## - Редно поле
Редна дума Струмски, Георги
Авторски знак Стро - С 87
245 10 - Сведения за заглавието
Заглавие Прегръдката на Димитров
Подзаглавни данни Поема за деца
Редно поле (дума) Георги Струмски; худож. Генчо Денчев; * Георги Асенов Йорданов.
257 ## - Страна на издаване
Страна на създаване/издаване България
260 ## - Област на издателските данни
-- София
Име на издателя, разпространителя и проч. Бълг. художник
Година на издаване 1972
Печатница София : ДПК Д. Благоев
300 ## - Физическа характеристика
Страници 26 с.
Илюстрации и др. с ил.
Размери/Мащаб 32 см
380 ## - Жанр
Жанр Детска худож. лит.
500 ## - Общи забележки
Забележка Истинското име на авт. е Георги Асенов Йорданов. - 50 113 тир.
653 ## - Ключова дума – ненормативна
Ключова дума детска литература
653 ## - Ключова дума – ненормативна
Ключова дума литература за деца
700 1# - Други автори (авторска отговорност)
Лично име Денчев, Генчо
Автороска отговорност (Описва отношението между автора и произведението) худож.
Друга информация Дръцков, Генчо Денчев
9 (RLIN) 376947
700 ## - Други автори (авторска отговорност)
Лично име Йорданов, Георги Асенов
9 (RLIN) 326703
852 ## - Местоположение
Форматна сигнатура Цб ІІ 18808
856 4# - Електронен адрес и достъп
Електронен формат pdf - файл
Път до файла /url/
856 4# - Електронен адрес и достъп
Електронен формат pdf - файл
Път до файла /url/
942 ## - АРТИКУЛИ
Вид на библиотечния материал Книги
Скрит в OPAC Не
944 ## - СЪЗДАВАНЕ И РЕДАКЦИЯ на ЗАПИСА
Създаване/Редакция Създаване
Дата на регистрацията/редакция 20.08.2013
Статус, дата на статуса CRON CRON
Служител, извършил регистрацията/редакцията
944 ## - СЪЗДАВАНЕ И РЕДАКЦИЯ на ЗАПИСА
Създаване/Редакция Редакция
Дата на регистрацията/редакция 20.08.2013
Статус, дата на статуса 20.08.2013 - от С1,Р / 20.08.2013
Служител, извършил регистрацията/редакцията
999 ## - СИСТЕМНИ КОНТРОЛНИ НОМЕРА
Koha biblionumber 143486
Koha biblioitemnumber 143486
Наличности
Код за отписване Код за изгубен артикул Източник на класификационната схема Код за повреда Коз за рестрикции Код за отдаване Артикулен № Име на библиотеката - собственик Име на библиотеката, в която се намира в момента Статус (Текущо местоположение) Дата на вписване в системата Местоположение - отдел Цена в лева Инвентарен номер Систематично азбучна сигнатура Баркод Номер на екземпляра Цена в евро Служебна бележка Служебен тип на артикула
  Не е изгубен Universal Decimal Classification Не е повреден само за читалня ползва се в читалня 238242 Регионална библиотека "Любен Каравелов" Русе Регионална библиотека "Любен Каравелов" Русе Хранилище 1972-01-01 Хранилище 0.25 116641 Цб ІІ 18808 120000116641 1 0.13 N: стар фонд Дата: 01.01.1972 Книги
Изтеглен Не е изгубен Universal Decimal Classification Не е повреден без рестрикции заемане за дома 238243 Регионална библиотека "Любен Каравелов" Русе Регионална библиотека "Любен Каравелов" Русе Детски отдел 1972-01-01 Детски отдел 0.25 116856 ДХ 886.7/С 87 116856 2 0.13 N: стар фонд Дата: 01.01.1972 Дата инв: 27.08.2015 Бележки инв: Д2015 Книги
Vip Innovations Ltd, Rousse, Bulgaria 2025